Wspólczesny bank

Gespeichert in:
Bibliographische Detailangaben
Weitere Verfasser: Jaworski, Wladyslaw L.
Format: Buch
Sprache:Polnisch
Veröffentlicht: Warszawa Poltext 1999
Ausgabe:2. wyd.
Schriftenreihe:Studia finansowo-bankowe SGH
Schlagworte:
Tags: Tag hinzufügen
Keine Tags, Fügen Sie das erste Tag hinzu!

MARC

LEADER 00000nam a2200000 4500
001 c122158
005 20221221083959.2
020 |a 83-86890-42-8 
041 0 |a pol 
044 |a PL 
245 1 0 |a Wspólczesny bank  |c praca zbiorowa pod redakcja Wladyslawa L. Jaworskiego 
250 |a 2. wyd. 
264 1 |a Warszawa  |b Poltext  |c 1999 
300 |a 562 s. 
490 1 |a Studia finansowo-bankowe SGH 
830 0 |a Studia finansowo-bankowe SGH 
610 2 0 |a banky 
610 2 0 |a bankovníctvo 
610 2 0 |a politika finančná 
610 2 0 |a vývoj 
610 2 0 |a depozity bankové 
610 2 0 |a banky centrálne 
610 2 0 |a politika peňažná 
610 2 0 |a trh finančný 
610 2 0 |a trh peňažný 
610 2 0 |a riadenie 
610 2 0 |a kontroling 
610 2 0 |a banky obchodné 
610 2 0 |a plánovanie strategické 
610 2 0 |a bilancie 
610 2 0 |a marketing 
610 2 0 |a riziko bankové 
610 2 0 |a úver bankový 
610 2 0 |a Poľsko 
700 1 |a Jaworski, Wladyslaw L.